Largest Countries by Population/Area Combined - Statistics

General Stats
  • This quiz has been taken 64 times
  • The average score is 18 of 20
Answer Stats
Average Rank Country % Correct
5.5 Brazil
100%
2 China
100%
3.5 United States
100%
12 Mexico
98%
5 Russia
98%
19.5 Argentina
97%
4.5 India
97%
20 Canada
93%
9 Indonesia
93%
21 Egypt
92%
19.5 Pakistan
92%
27 Colombia
89%
14 Democratic Republic of the Congo
89%
17.5 Iran
89%
19 Nigeria
89%
24 South Africa
89%
21.5 Algeria
85%
20 Ethiopia
84%
26 Saudi Arabia
84%
24.5 Sudan
72%
No matching quizzes found
Score Distribution
Percent of People with Each Score
Percentile by Number Answered
Your Score History
You have not taken this quiz